Memoria de la desesperanza / (Record no. 74395)

MARC details
000 -LEADER
campo de control de longitud fija 00814nam a2200241 i 4500
001 - NÚMERO DE CONTROL
campo de control 74395
003 - IDENTIFICADOR DE NÚMERO DE CONTROL
campo de control ES-MaACL
005 - FECHA Y HORA DE LA ÚLTIMA TRANSACCIÓN
campo de control 20230906172123.0
007 - CAMPO FIJO DE DESCRIPCIÓN FÍSICA--INFORMACIÓN GENERAL
campo de control de longitud fija t|
008 - DATOS DE LONGITUD FIJA--INFORMACIÓN GENERAL
campo de control de longitud fija 040917s1987 sp ||||1| spa d
020 ## - NÚMERO INTERNACIONAL ESTÁNDAR DEL LIBRO
Número Internacional Estándar del Libro 84-404-0741-6
100 1# - ENTRADA PRINCIPAL--NOMBRE DE PERSONA
Nombre de persona González-Guerrero, Antonio.
9 (RLIN) 58691
245 10 - MENCIÓN DEL TÍTULO
Título Memoria de la desesperanza /
Mención de responsabilidad, etc. Antonio González-Guerrero ; prólogo de Joaquín Benito de Lucas.
260 ## - PUBLICACIÓN, DISTRIBUCIÓN, ETC.
Lugar de publicación, distribución, etc. Guadalajara :
Nombre del editor, distribuidor, etc. Grupo Enjambre :
-- Ateneo Municipal,
Fecha de publicación, distribución, etc. 1987.
300 ## - DESCRIPCIÓN FÍSICA
Extensión 55 p. ;
Dimensiones 23 cm.
490 1# - MENCIÓN DE SERIE
Mención de serie Colección mayor ;
Designación de volumen o secuencia 15
700 1# - ENTRADA AGREGADA--NOMBRE PERSONAL
Nombre de persona Benito de Lucas, Joaquín.
9 (RLIN) 27672
830 0# - PUNTO DE ACCESO ADICIONAL DE SERIE-TÍTULO UNIFORME
Título uniforme Colección mayor ;
Designación de volumen o secuencia 15
9 (RLIN) 180348
852 ## - LOCALIZACIÓN
Ubicación ES-MaACL
Número de control de estantería L-12516
Sublocalización o colección R.114542
852 ## - LOCALIZACIÓN
Ubicación ES-MaACL
Número de control de estantería L-12869
Sublocalización o colección R.114543
852 ## - LOCALIZACIÓN
Ubicación ES-MaACL
Número de control de estantería 2138-F-20
Nota libre .- Ded. ms. del autor
Holdings
Estatus retirado Estado de pérdida Estado de daño No para préstamo Colección Biblioteca de origen Biblioteca actual Ubicación en estantería Fecha de adquisición Fuente de adquisición Total de préstamos Signatura topográfica completa Código de barras Visto por última vez Precio de reemplazo Tipo de ítem Koha
        Colección de folletos Biblioteca del Ateneo de Madrid Biblioteca del Ateneo de Madrid Depósito folletos 21/09/2016     2138-F-20 1196342 23/02/2023 23/02/2023 Folleto
          Biblioteca del Ateneo de Madrid Biblioteca del Ateneo de Madrid Depósito 2 17/01/2008     L-12516 1077876 23/02/2023 23/02/2023 Libro impreso
          Biblioteca del Ateneo de Madrid Biblioteca del Ateneo de Madrid Depósito 2 17/01/2008     L-12869 1077877 23/02/2023 23/02/2023 Libro impreso